Sports Quiz

Random Sports or MLB Quiz
Score 0/30 Timer 04:00
3 Plays Today
Team Pitcher % Correct
Detroit TigersMatthew Boyd
82%
Los Angeles DodgersWalker Buehler
79.3%
Seattle MarinersJames Paxton
77.2%
Houston AstrosJustin Verlander & Gerrit Cole
74.5%
Cleveland IndiansShane Bieber
73.8%
New York YankeesLuis Severino
72.3%
Boston Red SoxEduardo Rodriguez & Chris Sale
71.2%
Philadelphia PhilliesAaron Nola
70.1%
Kansas City RoyalsZack Greinke
69.1%
San Francisco GiantsMadison Bumgarner
68.8%
Tampa Bay RaysCharlie Morton
67.6%
St. Louis CardinalsJack Flaherty
67.4%
Oakland AthleticsBarry Zito
63%
Chicago White SoxLucas Giolito
62.4%
Los Angeles AngelsJered Weaver
61.6%
Team Pitcher % Correct
Washington NationalsPatrick Corbin & Max Scherzer & Stephen Strasburg
60.6%
New York MetsNoah Syndergaard & Jacob deGrom
57.8%
Texas RangersMike Minor & Lance Lynn
57.5%
Minnesota TwinsJose Berrios
49.3%
Cincinnati RedsSonny Gray & Luis Castillo
48.9%
Chicago CubsYu Darvish
47.4%
Milwaukee BrewersYovani Gallardo
43.4%
San Diego PadresIan Kennedy
41.2%
Pittsburgh PiratesA.J. Burnett
39.2%
Arizona DiamondbacksRobbie Ray
38.7%
Colorado RockiesGerman Marquez
38.3%
Miami MarlinsJose Fernandez
36.7%
Toronto Blue JaysBrandon Morrow
24.3%
Atlanta BravesMike Foltynewicz
21.3%
Baltimore OriolesErik Bedard
19.9%

You're not logged in!

Compare scores with friends on all Sporcle quizzes.
OR
Log In

Sporcle TV

Today on Sporcle TV


Watch our educational content, quiz creation guides, and fun videos on Sporcle TV.

Show Comments

Extras

Top Quizzes Today


Score Distribution

Paid Content

Your Account Isn't Verified!

In order to create a playlist on Sporcle, you need to verify the email address you used during registration. Go to your Sporcle Settings to finish the process.

Report this User

Report this user for behavior that violates our Community Guidelines.

Details: